Statistiques concernant Personnages de Pokémon ayant fait le plus d'apparitions dans des jeux

Cliquez ici pour prendre le quiz!

Statistiques générales

  • Ce quiz a été pris 24 fois
  • Le résultat moyen est 10 sur 24

Statistiques - réponses

Nombre de jeux dans
lesquels il apparaît
Personnage% Correct
18Blue
91%
14Pierre
86%
19Red
82%
14Ondine
73%
13Giovanni
68%
17Professeur Chen
68%
13Cynthia
64%
14Peter
64%
14Major Bob
55%
14Auguste
50%
11Beladonis
50%
9Pierre Rochard
45%
14Erika
41%
12Koga
36%
14Morgane
36%
12Aldo
32%
12Jasmine
18%
9Jeannine
18%
10Léo
18%
9Lovis
9%
8Pieris
9%
10M.Fuji
5%
10Nina Chen
5%
9Melina
0%

Distribution des résultats

Percentile par nombre de réponses

% des personnes avec chaque résultat

Votre développement - résultats

Vous n’avez pas pris ce quiz